00325nam a22001217a 4500003000400000008004100004100002300045245004000068250000900108260002900117300000700146650005000153OSt200714b ||||| |||| 00| 0 eng d aSrivastava , B.B.L aFundamental of Analytical Chemistry a2019 aNew DelhibIP Innovative a91 aPharmaceutical Analysis and Quality Assurance